ʻAl ʻoni, ʻavodah u-mah she-benehem /

Saved in:
Bibliographic Details
Main Author: Flug, Ḳarnit.
Corporate Author: Banḳ Yiśraʾel. Maḥleḳet ha-meḥḳar.
Other Authors: Ḳasir, Nitsah.
Format: Book
Language:Hebrew
Published: Yerushalayim : Banḳ Yiśraʾel, Maḥlaḳat ha-meḥḳar, 2001.
Series:Discussion paper series (Banḳ Yiśraʾel. Maḥleḳet ha-meḥḳar) ; 2001.08.
Subjects:
Tags: Add Tag
No Tags, Be the first to tag this record!
LEADER 00924nam a22002297u 4500
001 008752196-2
005 20040521105208.0
008 010604s2001 is |||||||heb|d
035 0 |a ocm48160969 
100 1 |a Flug, Ḳarnit. 
245 1 0 |a ʻAl ʻoni, ʻavodah u-mah she-benehem /  |c Ḳarnit Flug, Nitsah Ḳasir (Ḳliner) 
260 |a Yerushalayim :  |b Banḳ Yiśraʾel, Maḥlaḳat ha-meḥḳar,  |c 2001. 
300 |a 43 p.;  |c 27 cm. 
490 1 |a Discussion paper series (Banḳ Yiśraʾel. Maḥleḳet ha-meḥḳar) ;  |v 2001.08 
650 0 |a Unemployment  |z Israel  |v Econometric models. 
650 0 |a Income distribution  |z Israel  |v Econometric models. 
650 0 |a Poverty  |z Israel  |v Econometric models. 
700 1 |a Ḳasir, Nitsah. 
710 2 |a Banḳ Yiśraʾel.  |b Maḥleḳet ha-meḥḳar. 
830 0 |a Discussion paper series (Banḳ Yiśraʾel. Maḥleḳet ha-meḥḳar) ;  |v 2001.08. 
988 |a 20020608 
906 |0 MH